| 000 | 00474nam a22001811a 4500 | ||
|---|---|---|---|
| 001 | 4444 | ||
| 003 | OSt | ||
| 005 | 20260204211932.0 | ||
| 008 | 050822s1979||||bl ||||||b||||||||||spa|| | ||
| 050 | _a512 M538e | ||
| 100 | _aMerklen A., Hector | ||
| 245 | _aEstructuras algebraicas V. (Teoría de cuerpos) / Héctor A. Merklen | ||
| 264 | _aBrasil: Editora | ||
| 300 | _a104 p | ||
| 490 | _aSerie matemática: Monografía No. 22 | ||
| 650 | _a1.AlgebraÌ | ||
| 942 |
_2ddc _cBK |
||
| 999 |
_c4444 _d4444 |
||